| 000 | 00543nam a2200193Ia 4500 | ||
|---|---|---|---|
| 003 | OSt | ||
| 005 | 20250218141555.0 | ||
| 008 | 210210b xxu||||| |||| 00| 0 eng d | ||
| 040 | _cAL | ||
| 041 | _ahin | ||
| 082 | _a864/16 | ||
| 100 |
_aDASHARATH (Ojha): _9200776 |
||
| 110 |
_bदशरथ ओजा _9200777 |
||
| 245 |
_aHindi natak: udbhav aur vikas: _bहिंदी नाटक उद्भव और विकास |
||
| 260 |
_aDilli _bRajpal & Sons |
||
| 690 |
_aHindi Criticism _9200778 |
||
| 906 | _a023553 | ||
| 942 |
_2ddc _cBK |
||
| 999 |
_c148523 _d148523 |
||